000
00292nam a2200121 a 4500
008
101022s1971|||| d
100
1
_a
Ivanovič-Kuprin, Alexander
245
1
0
_a
Jama
260
_b
Slovenský spisovateľ
_c
1971
_a
Bratislava
020
_c
19
041
_a
slo
044
_a
xo
_c
SK
999
_c
12036
_d
12036